[Event "AUT-chT2O 2223"]
[Site "Austria"]
[Date "2023.02.19"]
[Round "9"]
[White "Macko, Peter"]
[Black "Ginther, Tobias"]
[Result "0-1"]
[WhiteElo "2040"]
[BlackElo "1742"]
[PlyCount "96"]
[EventDate "2022.10.15"]
[EventType "team-tourn"]
[EventRounds "11"]
[EventCountry "AUT"]
[SourceTitle "CBM 213 Extra"]
[Source "ChessBase"]
[SourceDate "2023.05.31"]
[SourceVersion "1"]
[SourceVersionDate "2023.05.31"]
[SourceQuality "1"]
[WhiteTeam "Wien Austria"]
[BlackTeam "Tschaturanga"]
[WhiteTeamCountry "AUT"]
[BlackTeamCountry "AUT"]

1. e4 c5 2. Nc3 d6 3. f4 g6 4. Nf3 Bg7 5. Bc4 Nc6 6. 0-0 e6 7. f5 exf5 8. d3 Ne5 9. Nxe5 Bxe5 10. Bb5+ Kf8 11. Qf3 Qh4 12. g3 Qg4 13. Qxg4 fxg4 14. Bc4 f5 15. Bf4 Kg7 16. Nb5 Bd7 17. Nxd6 Bxb2 18. Rab1 Bd4+ 19. Kg2 Bc6 20. Bd5 Bxd5 21. exd5 b6 22. Rfe1 Bf6 23. Ne8+ Kf8 24. Nxf6 Nxf6 25. c4 Kf7 26. Re6 Rhe8 27. Rbe1 Rxe6 28. Rxe6 Ng8 29. Rc6 Re8 30. Rc7+ Re7 31. d6 Rxc7 32. dxc7 Ne7 33. Bg5 Nc8 34. Kf2 Ke6 35. Ke3 Kd7 36. Bf4 Ne7 37. a3 Nc6 38. a4 Nd4 39. Kf2 Ne6 40. Be5 Nxc7 41. Ke3 Ne6 42. Bc3 Nd4 43. Kf2 Ke6 44. Kg2 g5 45. Bd2 Nf3 46. Bc3 Ne5 47. Kf2 Nxd3+ 48. Ke3 Ne5 0-1

[Event "SVK-chT2B 2223"]
[Site "Slovakia"]
[Date "2023.01.15"]
[Round "7.3"]
[White "Voros, Gellert"]
[Black "Macko, Peter"]
[Result "1-0"]
[WhiteElo "2146"]
[BlackElo "2014"]
[PlyCount "51"]
[EventDate "2022.10.08"]
[EventType "team-tourn"]
[EventRounds "11"]
[EventCountry "SVK"]
[SourceTitle "EXT 2024"]
[Source "ChessBase"]
[SourceDate "2023.10.10"]
[SourceVersion "1"]
[SourceVersionDate "2023.10.10"]
[SourceQuality "1"]
[WhiteTeam "Komarno II"]
[BlackTeam "Surany"]
[WhiteTeamCountry "SVK"]
[BlackTeamCountry "SVK"]

1. d4 Nf6 2. c4 c5 3. d5 b5 4. cxb5 a6 5. bxa6 Bxa6 6. Nc3 g6 7. g3 d6 8. Bg2 Bg7 9. Nf3 0-0 10. 0-0 Nbd7 11. Rb1 Qa5 12. Bd2 Rfb8 13. Qc2 c4 14. Nd4 Bb7 15. Nc6 Bxc6 16. dxc6 Nc5 17. Nd5 Qxa2 18. c7 Re8 19. Nxf6+ Bxf6 20. Bxa8 Rxa8 21. Ra1 Qxa1 22. Rxa1 Rxa1+ 23. Kg2 Ra8 24. Qxc4 Bxb2 25. Qb5 Be5 26. Qb8+ 1-0

[Event "SVK-chT1W 2223"]
[Site "Slovakia"]
[Date "2023.01.14"]
[Round "7.3"]
[White "Lecky, Juraj"]
[Black "Macko, Peter"]
[Result "1/2-1/2"]
[WhiteElo "2108"]
[BlackElo "2016"]
[PlyCount "93"]
[EventDate "2022.10.15"]
[EventType "team-tourn"]
[EventRounds "11"]
[EventCountry "SVK"]
[SourceTitle "EXT 2024"]
[Source "ChessBase"]
[SourceDate "2023.10.10"]
[SourceVersion "1"]
[SourceVersionDate "2023.10.10"]
[SourceQuality "1"]
[WhiteTeam "Levice"]
[BlackTeam "Bratislava KSN"]
[WhiteTeamCountry "SVK"]
[BlackTeamCountry "SVK"]

1. d4 Nf6 2. c4 c5 3. d5 b5 4. cxb5 a6 5. bxa6 Bxa6 6. Nc3 g6 7. e4 Bxf1 8. Kxf1 d6 9. Nf3 Nbd7 10. a4 Bg7 11. g3 0-0 12. Kg2 Qa5 13. Re1 Rfb8 14. Qc2 Ne8 15. Ra3 Nc7 16. Bd2 Qb6 17. Rb1 e6 18. dxe6 fxe6 19. Bf4 Ra6 20. Qd3 Bxc3 21. Rxc3 e5 22. Qc4+ Kg7 23. Bd2 Qb4 24. Qe2 Rxa4 25. Rd3 Qb6 26. Qe3 Ne6 27. Qh6+ Kg8 28. Qh4 Re8 29. Rd1 Qc7 30. Bc3 Nd4 31. Ng5 Nf8 32. b3 Ra2 33. Bxd4 exd4 34. Rf3 Re7 35. Qh6 Ra8 36. Rdd3 Ne6 37. Nxe6 Rxe6 38. Rf4 Qg7 39. Qh3 Rf6 40. Rdf3 Rxf4 41. Rxf4 Qe7 42. Qg4 Re8 43. h4 Qb7 44. h5 Kg7 45. Qg5 Qe7 46. h6+ Kg8 47. Qd5+ 1/2-1/2

[Event "SVK-chT1W 2122"]
[Site "Slovakia"]
[Date "2022.03.20"]
[Round "6.4"]
[White "Macko, Peter"]
[Black "Urban, Gabor"]
[Result "1-0"]
[WhiteElo "2037"]
[BlackElo "2002"]
[PlyCount "22"]
[EventDate "2021.11.06"]
[EventType "team-tourn"]
[EventRounds "11"]
[EventCountry "SVK"]
[SourceTitle "EXT 2023"]
[Source "ChessBase"]
[SourceDate "2022.10.05"]
[SourceVersion "1"]
[SourceVersionDate "2022.10.05"]
[SourceQuality "1"]
[WhiteTeam "Bratislava KSN"]
[BlackTeam "Batorove Kosihy"]
[WhiteTeamCountry "SVK"]
[BlackTeamCountry "SVK"]

1. e4 c6 2. Nc3 d5 3. Nf3 dxe4 4. Nxe4 Bf5 5. Ng3 Bg6 6. h4 h6 7. Ne5 Bh7 8. Qh5 g6 9. Qf3 Nf6 10. Qb3 Nd5 11. Qxb7 Nd7 1-0

[Event "SVK-chT1W 1819"]
[Site "Slovakia"]
[Date "2018.10.28"]
[Round "2.6"]
[White "Slaba, Andrea"]
[Black "Macko, Peter"]
[Result "1/2-1/2"]
[WhiteElo "1913"]
[BlackElo "2045"]
[PlyCount "38"]
[EventDate "2018.10.27"]
[EventType "team-tourn"]
[EventRounds "11"]
[EventCountry "SVK"]
[SourceTitle "CBM 187 Extra"]
[Source "ChessBase"]
[SourceDate "2018.11.04"]
[SourceVersion "1"]
[SourceVersionDate "2018.11.04"]
[SourceQuality "1"]
[WhiteTeam "Trnava Sered"]
[BlackTeam "Bratislava KSN"]
[WhiteTeamCountry "SVK"]
[BlackTeamCountry "SVK"]

1. Nf3 Nc6 2. d4 d5 3. g3 Bg4 4. Bg2 e6 5. 0-0 Be7 6. b3 h5 7. Bb2 h4 8. Nbd2 Bf6 9. Ne5 Bxe5 10. dxe5 Qg5 11. f4 Qh5 12. Nf3 hxg3 13. hxg3 Bxf3 14. Rxf3 Nge7 15. Kf2 0-0-0 16. Qd2 Qg4 17. b4 Rdg8 18. b5 Nd8 19. c4 g5 1/2-1/2

[Event "SVK-chT1W 1718"]
[Site "Slovakia"]
[Date "2017.10.21"]
[Round "1.7"]
[White "Macko, Peter"]
[Black "Krupa, Miroslav"]
[Result "1/2-1/2"]
[WhiteElo "2074"]
[BlackElo "1896"]
[PlyCount "61"]
[EventDate "2017.10.21"]
[EventType "team-tourn"]
[EventRounds "11"]
[EventCountry "SVK"]
[SourceTitle "CBM 181 Extra"]
[Source "ChessBase"]
[SourceDate "2017.12.12"]
[SourceVersion "1"]
[SourceVersionDate "2017.12.12"]
[SourceQuality "1"]
[WhiteTeam "Bratislava KSN"]
[BlackTeam "Nitra NSK"]
[WhiteTeamCountry "SVK"]
[BlackTeamCountry "SVK"]

1. e4 c5 2. Nc3 d6 3. f4 g6 4. Nf3 Bg7 5. Bc4 e6 6. 0-0 Ne7 7. f5 0-0 8. fxe6 fxe6 9. a3 Nbc6 10. d3 Nd4 11. Bg5 h6 12. Bh4 Nxf3+ 13. Rxf3 g5 14. Rxf8+ Bxf8 15. Bg3 Nc6 16. Qh5 Nd4 17. Rf1 Qe7 18. Bxd6 Qxd6 19. Qg6+ Bg7 20. Rf7 Qe5 21. Re7 Bd7 22. Rxd7 Rf8 23. h3 Rf1+ 24. Kxf1 Qf4+ 25. Kg1 Qe3+ 26. Kh1 Qe1+ 27. Kh2 Nf3+ 28. gxf3 Qf2+ 29. Kh1 Qf1+ 30. Kh2 Qf2+ 31. Kh1 1/2-1/2

[Event "SVK-chT2A 1617"]
[Site "Slovakia"]
[Date "2017.03.11"]
[Round "10.2"]
[White "Macko, Peter"]
[Black "Hacik, Radomir"]
[Result "0-1"]
[WhiteElo "2035"]
[BlackElo "2163"]
[PlyCount "112"]
[EventDate "2016.10.08"]
[EventType "team-tourn"]
[EventRounds "11"]
[EventCountry "SVK"]
[SourceTitle "EXT 2018"]
[Source "ChessBase"]
[SourceDate "2017.10.13"]
[SourceVersion "1"]
[SourceVersionDate "2017.10.13"]
[SourceQuality "1"]
[WhiteTeam "Bratislava Doprastav II"]
[BlackTeam "Bratislava Slovan V"]
[WhiteTeamCountry "SVK"]
[BlackTeamCountry "SVK"]

1. e4 d6 2. d4 Nf6 3. Nc3 g6 4. Nf3 Bg7 5. Be2 0-0 6. 0-0 c6 7. a4 Qc7 8. h3 e5 9. dxe5 dxe5 10. Bc4 h6 11. Qe2 Re8 12. Be3 Be6 13. Rfd1 Nbd7 14. a5 Bf8 15. Bxe6 Rxe6 16. Qc4 Qc8 17. Na4 b5 18. axb6 axb6 19. Nxb6 Nxb6 20. Bxb6 Rxa1 21. Rxa1 Qb7 22. Be3 Qxb2 23. Ra8 Qb7 24. Qa4 Re8 25. Rxe8 Nxe8 26. Nxe5 Qb1+ 27. Kh2 Bd6 28. Qxc6 Bxe5+ 29. f4 Qb8 30. fxe5 Qxe5+ 31. g3 Nf6 32. Bxh6 g5 33. h4 Nxe4 34. Qc8+ Kh7 35. Qh3 Kxh6 36. hxg5+ Kxg5 37. Qh4+ Kg6 38. Qg4+ Ng5 39. Qd1 Qf5 40. Kg2 Qh3+ 41. Kf2 Qh2+ 42. Kf1 Qxg3 43. Qd4 Qf3+ 44. Kg1 Qe4 45. Qd6+ f6 46. Qf8 Qe1+ 47. Kg2 Qd2+ 48. Kg3 Qc3+ 49. Kg2 Qxc2+ 50. Kg1 Kf5 51. Qg8 Kg4 52. Qd8 Nh3+ 53. Kh1 Qe4+ 54. Kh2 Qe2+ 55. Kh1 Qf1+ 56. Kh2 Qg1# 0-1

[Event "SVK-chT1W 1617"]
[Site "Slovakia"]
[Date "2017.02.26"]
[Round "9.8"]
[White "Krupa, Miroslav"]
[Black "Macko, Peter"]
[Result "0-1"]
[WhiteElo "1788"]
[BlackElo "2027"]
[PlyCount "130"]
[EventDate "2016.10.15"]
[EventType "team-tourn"]
[EventRounds "11"]
[EventCountry "SVK"]
[SourceTitle "EXT 2018"]
[Source "ChessBase"]
[SourceDate "2017.10.13"]
[SourceVersion "1"]
[SourceVersionDate "2017.10.13"]
[SourceQuality "1"]
[WhiteTeam "Nitra NSK"]
[BlackTeam "Bratislava KSN"]
[WhiteTeamCountry "SVK"]
[BlackTeamCountry "SVK"]

1. e4 e5 2. Nf3 Nc6 3. Bc4 Nf6 4. d3 Be7 5. 0-0 0-0 6. Re1 d6 7. c3 Bg4 8. Nbd2 a6 9. Bb3 d5 10. exd5 Nxd5 11. Ne4 Kh8 12. h3 Bxf3 13. Qxf3 f5 14. Ng3 Nb6 15. Bc2 g6 16. Bh6 Re8 17. Bd2 e4 18. Qe2 exd3 19. Bxd3 Qd7 20. Rad1 Bg5 21. Qf1 Rxe1 22. Bxe1 Re8 23. Bc2 Qe7 24. Bd2 Bxd2 25. Rxd2 f4 26. Ne4 f3 27. g3 Ne5 28. b3 Qe6 29. Ng5 Qf6 30. Ne4 Qc6 31. c4 Nbd7 32. Kh2 Nf6 33. Nxf6 Qxf6 34. Qd1 h5 35. Rd4 g5 36. Re4 h4 37. g4 Rd8 38. Qe1 Re8 39. Kg1 Kg8 40. Re3 Qf4 41. Re4 Qf6 42. Re3 Kf7 43. Bf5 Qd6 44. Qc1 Rd8 45. Re1 Kf6 46. Be4 c6 47. Qe3 Qd2 48. Qxd2 Rxd2 49. Bb1 Ke6 50. Bf5+ Kf6 51. Bc8 b5 52. Bxa6 bxc4 53. Bxc4 Rxa2 54. Rd1 Ke7 55. Rc1 Kd6 56. Kf1 Ng6 57. Bd3 Nf4 58. Be4 c5 59. Bxf3 Nxh3 60. Be2 Rb2 61. Rc3 Rb1+ 62. Kg2 Nf4+ 63. Kf3 h3 64. Bd3 Rd1 65. Be4 h2 0-1

[Event "SVK-chT1W 1617"]
[Site "Slovakia"]
[Date "2016.11.19"]
[Round "3.7"]
[White "Macko, Peter"]
[Black "Koloditsova, Renata"]
[Result "1-0"]
[WhiteElo "2027"]
[BlackElo "1943"]
[PlyCount "63"]
[EventDate "2016.10.15"]
[EventType "team-tourn"]
[EventRounds "11"]
[EventCountry "SVK"]
[SourceTitle "EXT 2018"]
[Source "ChessBase"]
[SourceDate "2017.10.13"]
[SourceVersion "1"]
[SourceVersionDate "2017.10.13"]
[SourceQuality "1"]
[WhiteTeam "Bratislava KSN"]
[BlackTeam "Gabcikovo Russel"]
[WhiteTeamCountry "SVK"]
[BlackTeamCountry "SVK"]

1. e4 e6 2. d4 d5 3. Nc3 Bb4 4. e5 c5 5. a3 Bxc3+ 6. bxc3 Ne7 7. Nf3 Nbc6 8. a4 Qc7 9. Qd2 b6 10. Bd3 a5 11. Ba3 c4 12. Be2 0-0 13. 0-0 Bb7 14. Nh4 f5 15. Rab1 Ra6 16. Qg5 Rfa8 17. Rfe1 Nc8 18. g3 N8a7 19. g4 f4 20. Qxf4 Qd8 21. g5 Ne7 22. Bg4 Qd7 23. Re3 Rf8 24. Qg3 Rf7 25. Qh3 Bc8 26. g6 Nxg6 27. Nxg6 hxg6 28. Qh4 g5 29. Qxg5 g6 30. Rh3 Rg7 31. Qf6 Nc6 32. Qf8# 1-0

[Event "SVK-chT2B 1617"]
[Site "Slovakia"]
[Date "2016.10.08"]
[Round "1.4"]
[White "Beres, Dominik"]
[Black "Macko, Peter"]
[Result "1-0"]
[WhiteElo "2088"]
[BlackElo "2032"]
[PlyCount "103"]
[EventDate "2016.10.08"]
[EventType "team-tourn"]
[EventRounds "11"]
[EventCountry "SVK"]
[SourceTitle "CBM 175 Extra"]
[Source "ChessBase"]
[SourceDate "2016.12.12"]
[SourceVersion "1"]
[SourceVersionDate "2016.12.12"]
[SourceQuality "1"]
[WhiteTeam "Tlmace"]
[BlackTeam "Surany Lokomotiva"]
[WhiteTeamCountry "SVK"]
[BlackTeamCountry "SVK"]

1. e4 e5 2. Nf3 Nc6 3. Bb5 f5 4. Nc3 fxe4 5. Nxe4 Nf6 6. Ng3 e4 7. Qe2 Qe7 8. Bxc6 bxc6 9. Nd4 a5 10. b3 Qe5 11. Bb2 Ba6 12. c4 d5 13. d3 dxc4 14. dxc4 Bb4+ 15. Kf1 0-0 16. Nxc6 Qf4 17. Be5 Qh4 18. Nxb4 axb4 19. Bd4 Bb7 20. Nf5 Qf4 21. Ne3 Rad8 22. Bc5 Rf7 23. Bxb4 Ba8 24. h3 Rfd7 25. Kg1 Rd3 26. Re1 h5 27. g3 Qe5 28. Kg2 c5 29. Ba5 R8d7 30. Rd1 Bb7 31. Rc1 Bc6 32. Rhd1 Bb7 33. Rd2 Kf8 34. Rdc2 g6 35. Bc3 Qe6 36. a3 Kf7 37. b4 Qa6 38. Ra2 Qa4 39. Qc2 Qa8 40. b5 Qe8 41. a4 Qe6 42. Bxf6 Qxf6 43. Qe2 Kg8 44. a5 Rf7 45. Rb1 Qd8 46. a6 Ba8 47. b6 Qc8 48. b7 Bxb7 49. axb7 Rxb7 50. Rxb7 Qxb7 51. Qb2 Rb3 52. Qe5 1-0

[Event "Bratislava Slovan op"]
[Site "Bratislava"]
[Date "2016.05.01"]
[Round "3"]
[White "Slapak, Zdenek"]
[Black "Macko, Peter"]
[Result "0-1"]
[WhiteElo "2123"]
[BlackElo "2125"]
[PlyCount "92"]
[EventDate "2016.04.30"]
[EventType "swiss"]
[EventRounds "9"]
[EventCountry "SVK"]
[SourceTitle "EXT 2017"]
[Source "ChessBase"]
[SourceDate "2016.10.25"]
[SourceVersion "1"]
[SourceVersionDate "2016.10.25"]
[SourceQuality "1"]

1. c4 c5 2. Nf3 Nf6 3. Nc3 d5 4. cxd5 Nxd5 5. g3 Nc6 6. Bg2 Nc7 7. 0-0 e5 8. d3 Be7 9. Be3 0-0 10. Rc1 Ne6 11. a3 Qa5 12. Nd5 Bd6 13. Nd2 Ncd4 14. Nc4 Qa6 15. Bd2 Bd7 16. Nc3 Bc6 17. e3 Bxg2 18. Kxg2 Nf5 19. Qf3 Ne7 20. Ne4 Bc7 21. Bc3 Ng6 22. Qh5 f5 23. Ng5 Nxg5 24. Qxg5 Rad8 25. b4 Rxd3 26. Nb2 Rd5 27. a4 Qc6 28. b5 Qe6 29. Qh5 f4 30. e4 Rd7 31. f3 fxg3 32. hxg3 Rf6 33. f4 exf4 34. Bxf6 Qxe4+ 35. Qf3 Rd2+ 36. Kh1 Qxf3+ 37. Rxf3 gxf6 38. Nc4 Ra2 39. a5 fxg3 40. b6 axb6 41. axb6 Bf4 42. Rd1 h5 43. Ra3 Rc2 44. Ne3 Re2 45. Ng2 h4 46. Rd7 h3 0-1

[Event "SVK-ch U18/20"]
[Site "Liptovsky Mikulas"]
[Date "2016.04.22"]
[Round "8"]
[White "Macko, Peter"]
[Black "Kavon, Rastislav"]
[Result "0-1"]
[WhiteElo "2125"]
[BlackElo "2254"]
[PlyCount "64"]
[EventDate "2016.04.16"]
[EventType "swiss"]
[EventRounds "9"]
[EventCountry "SVK"]
[SourceTitle "CBM 172 Extra"]
[Source "ChessBase"]
[SourceDate "2016.06.21"]
[SourceVersion "1"]
[SourceVersionDate "2016.06.21"]
[SourceQuality "1"]

1. e4 c5 2. Nc3 Nc6 3. f4 g6 4. Nf3 Bg7 5. Bc4 e6 6. f5 Nge7 7. fxe6 dxe6 8. d3 0-0 9. 0-0 Na5 10. Bb3 Nec6 11. Bg5 f6 12. Be3 Nxb3 13. axb3 Nd4 14. Rc1 b6 15. Qe1 e5 16. h4 h5 17. Qd1 Be6 18. Kh1 Qd7 19. Nh2 Kh7 20. Rg1 Bg4 21. Nxg4 hxg4 22. Nd5 f5 23. Qe1 f4 24. Bxd4 g3 25. Qd1 f3 26. Be3 Qg4 27. Bg5 Bh6 28. Qd2 Bxg5 29. Qxg5 Qxg5 30. hxg5 f2 31. Rgf1 Kg7 32. Rxf2 gxf2 0-1

[Event "SVK-ch U18/20"]
[Site "Liptovsky Mikulas"]
[Date "2016.04.19"]
[Round "5"]
[White "Macko, Peter"]
[Black "Jablonicky, Martin"]
[Result "0-1"]
[WhiteElo "2125"]
[BlackElo "2231"]
[PlyCount "84"]
[EventDate "2016.04.16"]
[EventType "swiss"]
[EventRounds "9"]
[EventCountry "SVK"]
[SourceTitle "CBM 172 Extra"]
[Source "ChessBase"]
[SourceDate "2016.06.21"]
[SourceVersion "1"]
[SourceVersionDate "2016.06.21"]
[SourceQuality "1"]

1. e4 d6 2. d4 Nf6 3. Nc3 g6 4. h3 Bg7 5. Nf3 c6 6. a4 0-0 7. Bg5 h6 8. Bh4 Nh5 9. g4 Nf4 10. Bg3 Ne6 11. Bg2 Qb6 12. Ne2 Qxb2 13. Rb1 Qa2 14. c3 Qc4 15. 0-0 Qa6 16. Nh4 c5 17. f4 cxd4 18. cxd4 Bd7 19. f5 Bxa4 20. Qd2 g5 21. fxe6 gxh4 22. exf7+ Rxf7 23. Qa2 Be8 24. Qxa6 Nxa6 25. Bxh4 e5 26. Rxf7 Bxf7 27. dxe5 Bxe5 28. Rxb7 Nc5 29. Rb1 Bc4 30. Nc1 a5 31. Bf2 a4 32. Bxc5 dxc5 33. Bf1 Bd4+ 34. Kg2 Bf7 35. Rb7 a3 36. Rxf7 Kxf7 37. Bc4+ Kf6 38. Na2 Ke5 39. Bd5 Rd8 40. Kf3 Rf8+ 41. Kg3 Bf2+ 42. Kg2 Kd4 0-1

[Event "SVK-ch U18/20"]
[Site "Liptovsky Mikulas"]
[Date "2016.04.17"]
[Round "2"]
[White "Puskar, Peter"]
[Black "Macko, Peter"]
[Result "0-1"]
[WhiteElo "2240"]
[BlackElo "2125"]
[PlyCount "120"]
[EventDate "2016.04.16"]
[EventType "swiss"]
[EventRounds "9"]
[EventCountry "SVK"]
[SourceTitle "CBM 172 Extra"]
[Source "ChessBase"]
[SourceDate "2016.06.21"]
[SourceVersion "1"]
[SourceVersionDate "2016.06.21"]
[SourceQuality "1"]

1. Nf3 Nc6 2. g3 e5 3. d3 d5 4. Bg2 Nf6 5. 0-0 Be7 6. Nbd2 0-0 7. e4 Bg4 8. h3 Bh5 9. Re1 dxe4 10. dxe4 Qd7 11. c3 Rad8 12. Qc2 Qe6 13. Kh2 Nd7 14. Nf1 a5 15. Be3 Nc5 16. Bxc5 Bxc5 17. Ne3 Bxe3 18. fxe3 Bxf3 19. Bxf3 Rd6 20. b3 Rfd8 21. Rad1 Rxd1 22. Rxd1 Rd6 23. Rd5 b6 24. Kg2 Ne7 25. Rxd6 Qxd6 26. Be2 Kf8 27. Bc4 Ng8 28. a4 Nf6 29. Kf3 Nd7 30. Qd3 Qxd3 31. Bxd3 Nc5 32. Bc2 Ke7 33. h4 Kf6 34. Kg4 Kg6 35. Kf3 c6 36. Kf2 Kf6 37. Kf3 Ke6 38. Ke2 Kd6 39. Kd2 Kc7 40. Kc1 Kd6 41. Kd2 Nd7 42. Kd3 Kc5 43. Bd1 b5 44. Bc2 Kb6 45. c4 bxa4 46. bxa4 Kc5 47. Kc3 Nb6 48. Bb3 f6 49. h5 g6 50. h6 Nc8 51. Bd1 Nd6 52. Kd3 Nf7 53. Bg4 Nxh6 54. Be6 Kd6 55. Bh3 Nf7 56. Kc3 Nd8 57. Kd3 Nb7 58. Bg2 Nc5+ 59. Kc2 Nxa4 60. g4 Kc5 0-1

[Event "SVK-chT2A 1516"]
[Site "Slovakia"]
[Date "2016.02.14"]
[Round "9.7"]
[White "Macko, Peter"]
[Black "Hrubsa, Marian"]
[Result "1/2-1/2"]
[WhiteElo "2136"]
[BlackElo "1805"]
[PlyCount "58"]
[EventDate "2015.10.17"]
[EventType "team-tourn"]
[EventRounds "11"]
[EventCountry "SVK"]
[SourceTitle "EXT 2017"]
[Source "ChessBase"]
[SourceDate "2016.10.25"]
[SourceVersion "1"]
[SourceVersionDate "2016.10.25"]
[SourceQuality "1"]
[WhiteTeam "Bratislava KSN"]
[BlackTeam "Skalica"]
[WhiteTeamCountry "SVK"]
[BlackTeamCountry "SVK"]

1. e4 e6 2. d4 d5 3. Nc3 Nf6 4. Bg5 Be7 5. e5 Nfd7 6. h4 Bxg5 7. hxg5 Qxg5 8. Nh3 Qe7 9. Nf4 Nb6 10. Qg4 g6 11. 0-0-0 Nc6 12. Bb5 Bd7 13. Nd3 0-0-0 14. Bxc6 Bxc6 15. Nc5 Nc4 16. Rde1 b6 17. Nd3 Bb7 18. Rh3 Kb8 19. Rf3 h5 20. Qf4 Rhf8 21. Nb1 Rc8 22. b3 Na3 23. Kb2 Nxb1 24. Rxb1 c5 25. c3 cxd4 26. cxd4 Ba6 27. Ne1 Rc7 28. Rc1 Rfc8 29. Rxc7 Qxc7 1/2-1/2

[Event "SVK-chT2A 1516"]
[Site "Slovakia"]
[Date "2015.12.06"]
[Round "6.6"]
[White "Macko, Peter"]
[Black "Breja, Stanislav"]
[Result "1-0"]
[WhiteElo "2136"]
[BlackElo "2002"]
[PlyCount "59"]
[EventDate "2015.10.17"]
[EventType "team-tourn"]
[EventRounds "11"]
[EventCountry "SVK"]
[SourceTitle "CBM 169 Extra"]
[Source "ChessBase"]
[SourceDate "2015.12.18"]
[SourceVersion "1"]
[SourceVersionDate "2015.12.18"]
[SourceQuality "1"]
[WhiteTeam "Bratislava KSN"]
[BlackTeam "Bratislava Slovan IV"]
[WhiteTeamCountry "SVK"]
[BlackTeamCountry "SVK"]

1. e4 e5 2. Nf3 Nf6 3. Nxe5 d6 4. Nxf7 Kxf7 5. d4 Be7 6. Nc3 Rf8 7. Bc4+ Be6 8. Bxe6+ Kxe6 9. Qf3 Kf7 10. e5 c6 11. exf6 Bxf6 12. 0-0 Kg8 13. Qg4 d5 14. Be3 Qd7 15. Qh5 Na6 16. Ne2 Rae8 17. c3 Nc7 18. Nf4 Nb5 19. Nd3 Nd6 20. Rae1 g6 21. Qd1 Bg7 22. Bf4 Nc4 23. Rxe8 Qxe8 24. Re1 Qf7 25. Bg3 Re8 26. b3 Rxe1+ 27. Qxe1 Nb6 28. Nc5 Bf8 29. Ne6 Nd7 30. Nd8 1-0

[Event "SVK-chT2A 1516"]
[Site "Slovakia"]
[Date "2015.12.05"]
[Round "5.6"]
[White "Szollos, Ondrej"]
[Black "Macko, Peter"]
[Result "1/2-1/2"]
[WhiteElo "2054"]
[BlackElo "2136"]
[PlyCount "79"]
[EventDate "2015.10.17"]
[EventType "team-tourn"]
[EventRounds "11"]
[EventCountry "SVK"]
[SourceTitle "CBM 169 Extra"]
[Source "ChessBase"]
[SourceDate "2015.12.18"]
[SourceVersion "1"]
[SourceVersionDate "2015.12.18"]
[SourceQuality "1"]
[WhiteTeam "Devinska Nova Ves II"]
[BlackTeam "Bratislava KSN"]
[WhiteTeamCountry "SVK"]
[BlackTeamCountry "SVK"]

1. d3 e5 2. Nf3 Nc6 3. c3 d5 4. Qc2 h6 5. e4 Nf6 6. Be2 Be7 7. Nbd2 a5 8. Nf1 0-0 9. Ng3 Be6 10. 0-0 Ne8 11. h3 Nd6 12. Nh2 f5 13. exf5 Nxf5 14. Bg4 Qd7 15. Nxf5 Bxf5 16. Bd2 Rf7 17. Rad1 Raf8 18. Bh5 g6 19. Bg4 Kh7 20. Qc1 h5 21. Bxf5 gxf5 22. Rde1 f4 23. Qd1 f3 24. Re3 e4 25. dxe4 dxe4 26. Rxe4 Rg8 27. g4 Rfg7 28. Be3 Bd6 29. Qxf3 Kh8 30. Bd4 Nxd4 31. Rxd4 Qe6 32. Re4 Qh6 33. Qe3 Qh7 34. f3 b6 35. b4 axb4 36. cxb4 Rf8 37. a3 Bxh2+ 38. Kxh2 hxg4 39. fxg4 Rxf1 40. Re8+ 1/2-1/2

[Event "SVK-chT1W 1516"]
[Site "Slovakia"]
[Date "2015.10.24"]
[Round "1.5"]
[White "Macko, Peter"]
[Black "Puskar, Peter"]
[Result "1/2-1/2"]
[WhiteElo "2156"]
[BlackElo "2084"]
[PlyCount "112"]
[EventDate "2015.10.24"]
[EventType "team-tourn"]
[EventRounds "11"]
[EventCountry "SVK"]
[SourceTitle "CBM 170 Extra"]
[Source "ChessBase"]
[SourceDate "2016.02.25"]
[SourceVersion "1"]
[SourceVersionDate "2016.02.25"]
[SourceQuality "1"]
[WhiteTeam "Bratislava Doprastav"]
[BlackTeam "Trnava Lokomotiva"]
[WhiteTeamCountry "SVK"]
[BlackTeamCountry "SVK"]

1. e4 c5 2. Nc3 Nc6 3. f4 g6 4. Nf3 Bg7 5. Bc4 e6 6. f5 Nge7 7. fxe6 fxe6 8. d3 0-0 9. 0-0 Nd4 10. Nxd4 cxd4 11. Ne2 d5 12. exd5 Nxd5 13. Nf4 Nxf4 14. Bxf4 b5 15. Bxb5 e5 16. Bc4+ Kh8 17. Bg3 Bb7 18. Rxf8+ Qxf8 19. Qe2 Re8 20. Rf1 Qc5 21. Rf7 Bc6 22. Kh1 a5 23. Qf1 Bd5 24. Bxd5 Qxd5 25. b3 e4 26. dxe4 Rxe4 27. h3 h5 28. Qf2 Re3 29. Kh2 Rxg3 30. Rf8+ Bxf8 31. Qxf8+ Kh7 32. Kxg3 Qe5+ 33. Qf4 Qc5 34. Qe4 Qc7+ 35. Kf2 Qc3 36. Qd3 Qc5 37. Kg1 Qe5 38. Qd2 h4 39. Qf2 g5 40. Qf7+ Kh6 41. Qf2 Kg6 42. Qd2 Kg7 43. a3 Kf6 44. b4 axb4 45. axb4 Ke6 46. Kf2 Kd6 47. Kf1 Kc6 48. Qe2 Qb5 49. Qxb5+ Kxb5 50. Ke2 Kxb4 51. Kd3 Kc5 52. c3 dxc3 53. Kxc3 Kd5 54. Kd3 Ke5 55. Ke3 Kf5 56. Kf3 Kf6 1/2-1/2

[Event "SVK-ch op"]
[Site "Banska Stiavnica"]
[Date "2015.07.11"]
[Round "8"]
[White "Macko, Peter"]
[Black "Rabovszky, Gyorgy"]
[Result "1-0"]
[WhiteElo "1990"]
[BlackElo "1897"]
[PlyCount "35"]
[EventDate "2015.07.04"]
[EventType "swiss"]
[EventRounds "9"]
[EventCountry "SVK"]
[SourceTitle "CBM 167 Extra"]
[Source "ChessBase"]
[SourceDate "2015.09.14"]
[SourceVersion "1"]
[SourceVersionDate "2015.09.14"]
[SourceQuality "1"]

1. e4 c5 2. Nf3 Nc6 3. d4 cxd4 4. Nxd4 e5 5. Nb5 a6 6. Nd6+ Bxd6 7. Qxd6 Qe7 8. Qd1 Nf6 9. Nc3 0-0 10. Bg5 Qb4 11. Bxf6 gxf6 12. Qg4+ Kh8 13. 0-0-0 d5 14. Qh4 dxe4 15. Nxe4 Qe7 16. g4 f5 17. Nf6 Kg7 18. Qxh7+ 1-0